| 000 | 01135nam a22003497a 4500 | ||
|---|---|---|---|
| 003 | CHAP | ||
| 005 | 20220329132922.0 | ||
| 008 | 971013s1986 r 00010 d | ||
| 010 | _a251 | ||
| 011 | _a1223 | ||
| 035 | _a399 | ||
| 040 | _cCHAP | ||
| 082 |
_a581.5 _bD32Y 1974 |
||
| 100 | 0 | 0 |
_aDaubenmire, Rexford F. _931134 |
| 245 | _aManual de botánica y ecología | ||
| 260 |
_aMéxico : _bLimusa, _c1986- |
||
| 300 |
_a5 v. _b: ilus. |
||
| 500 | _aLa biblioteca tiene: v.4, v.5 | ||
| 500 | _aTrad. de la 3 ed. en inglés de 1974 | ||
| 590 |
_aBATCH-UPD _b10 _c20130110 _lUCH01 _h1818 |
||
| 590 |
_aBATCH-UPD _b10 _c20130410 _lUCH01 _h1152 |
||
| 590 |
_aBATCH-UPD _b10 _c20130914 _lUCH01 _h0726 |
||
| 590 |
_aCONVERSION _b10 _c20130109 _lUCH01 _h1302 |
||
| 650 | 1 | 4 |
_aBotánica. _914477 |
| 650 | 1 | 4 |
_aEcología vegetal. _935188 |
| 700 | 0 |
_aAdams, J. Edison. _9852 |
|
| 700 | 0 |
_aGreulach, Víctor A. _950648 |
|
| 901 | _aBK | ||
| 942 | _cLIBRO | ||
| 949 |
_a581.5 D32y 1974 _bBC _cLIBRO _d33724000542718 _eLIBRO _fv.5 _gI.148594 _h76818 _i399 _si |
||
| 949 |
_a581.5 D32y 1974 _bBC _cLIBRO _d33724000542726 _eLIBRO _fv.4 _gI.148594 _h76817 _i399 _si |
||
| 999 |
_c251 _d251 |
||